<?xml version="1.0" encoding="UTF-8"?>
<record
    xmlns:xsi="http://www.w3.org/2001/XMLSchema-instance"
    xsi:schemaLocation="http://www.loc.gov/MARC21/slim http://www.loc.gov/standards/marcxml/schema/MARC21slim.xsd"
    xmlns="http://www.loc.gov/MARC21/slim">

  <leader>02425nam a22001697a 4500</leader>
  <controlfield tag="008">200203b        xxu||||| |||| 00| 0 eng d</controlfield>
  <datafield tag="020" ind1=" " ind2=" ">
    <subfield code="a">9781408093795</subfield>
  </datafield>
  <datafield tag="050" ind1=" " ind2=" ">
    <subfield code="a">HB171.E266(3e)</subfield>
  </datafield>
  <datafield tag="100" ind1=" " ind2=" ">
    <subfield code="a">Mankiw, N. Gregory.</subfield>
  </datafield>
  <datafield tag="245" ind1=" " ind2=" ">
    <subfield code="a">Economics. /</subfield>
    <subfield code="c">N. Gregory Mankiw and Mark P. Taylor.</subfield>
  </datafield>
  <datafield tag="250" ind1=" " ind2=" ">
    <subfield code="a">3rd. ed.</subfield>
  </datafield>
  <datafield tag="260" ind1=" " ind2=" ">
    <subfield code="a">Boston :</subfield>
    <subfield code="b">Cengage Learning EMEA,</subfield>
    <subfield code="c">2014.</subfield>
  </datafield>
  <datafield tag="300" ind1=" " ind2=" ">
    <subfield code="a">xiii, 822 p. :</subfield>
    <subfield code="b">ill. (col.) ;</subfield>
    <subfield code="c">26 cm.</subfield>
  </datafield>
  <datafield tag="500" ind1=" " ind2=" ">
    <subfield code="a">Part 1: Introduction to economics: Ten principles of economics -- Thinking like an economist -- Part 2: Supply and demand: how markets work: The market forces of supply and demand -- Elasticity and its applications -- Background to demand: the theory of consumer choice -- Background to supply: firms in competitive markets -- Part 3: Markets, efficiency and welfare: Consumer, producers and the efficiency of markets -- Supply, demand and government policies -- Part 4: The economics of the public sector: The tax system and costs of taxation -- Part 5: Inefficient market allocations: Public goods, common resources and merit goods -- Externalises and market failure -- Information and behavioural economics -- Part 6: Firm behaviour and markets structures: Firms' production decisions -- Market structure I: monology, market structure II: monopolistic competition -- Market structures: oligopoly -- Part 7: Factors markets: The markets: The economics of labour markets -- Part 8: Inequality: Income inequality and poverty -- Part 9: Trade: Interdependence and the gains from trade -- Parts 10: The data macroeconomics: Measuring a nation's income -- Measuring the cost of living -- Part 11: The real economy in the long run: Production and growth -- Unemployment -- Part 12: Interest rates, money and prices in the long run: Saving, investment and the financial system -- The basic tools of finance -- The monetary system -- Money growth and inflation -- Part 13: The macroeconomics of open economics -- Part 14: Short-run economic fluctuations: Business cycles -- Keynesian economics and IS-LM analysis -- Aggregate demand and aggregate supply -- The influence of monetary and fiscal policy on aggregate demand -- The short-run trade-off between inflation and unemployment -- Supply-side policies -- Part 15: International macroeconomics: Common currency areas and european monetary union -- The financial crisis and sovereign debt          </subfield>
  </datafield>
  <datafield tag="700" ind1=" " ind2=" ">
    <subfield code="a">Taylor, Mark P.</subfield>
  </datafield>
  <datafield tag="942" ind1=" " ind2=" ">
    <subfield code="2">lcc</subfield>
    <subfield code="c">BK</subfield>
  </datafield>
  <datafield tag="999" ind1=" " ind2=" ">
    <subfield code="c">7053</subfield>
    <subfield code="d">14553</subfield>
  </datafield>
  <datafield tag="952" ind1=" " ind2=" ">
    <subfield code="0">0</subfield>
    <subfield code="1">0</subfield>
    <subfield code="2">lcc</subfield>
    <subfield code="4">0</subfield>
    <subfield code="7">0</subfield>
    <subfield code="a">WIUC-1</subfield>
    <subfield code="b">WIUC-1</subfield>
    <subfield code="c">SPECIAL REF</subfield>
    <subfield code="d">2020-02-03</subfield>
    <subfield code="l">0</subfield>
    <subfield code="o">HB171.E266(3e)</subfield>
    <subfield code="p">8582/034/20</subfield>
    <subfield code="r">2020-02-03 00:00:00</subfield>
    <subfield code="w">2020-02-03</subfield>
    <subfield code="y">BK</subfield>
  </datafield>
</record>
